Żołnierze wyklęci

Titel: Żołnierze wyklęci : antykomunistyczne podziemie zbrojne po 1944 roku / Dawid Golik ...
Verfasser:
Veröffentlicht: Warszawa : Wydawn. Volumen, 2013
Umfang: 744 S. : zahlr. Ill., Kt.
Format: Buch
Sprache: Polnisch
Schlagworte:
ISBN: 9788372330772
Buchumschlag
X
Lokale Klassifikation: 32 7 Nk ; 32 7 Od ; 32 14 E
alg: 33340477
001A    $03004:08-11-13 
001B    $01999:09-06-23 $t21:08:42.000 
001C    $03004:06-03-14 $t08:00:51.000 
001D    $03004:06-03-14 
001U    $0utf8 
001X    $00 
002@    $0Aau 
003@    $0333404777 
004A    $A978-83-7233-077-2 
007A    $0333404777 $aHEB 
007G    $0DE020888F4CE02ADDFC1DC1257C9E003ED146 
009P    $qapplication/pdf $A2 $3Inhaltsverzeichnis $uhttp://scans.hebis.de/HEBCGI/show.pl?33340477_toc.pdf $mV:DE-603;B:DE-Mb50 
010@    $apol 
011@    $a2013 $n2013 
013H    $0z 
021A    $aŻołnierze wyklęci $dantykomunistyczne podziemie zbrojne po 1944 roku $hDawid Golik ... 
028A    $D20220215 $Ecgwrk $8Golik, Dawid$Z1984- [Tp3] $945230489X 
033A    $pWarszawa $nWydawn. Volumen 
034D    $a744 S. 
034M    $azahlr. Ill., Kt. 
044K    $#Untergrund $74354742-4 $8Untergrund$gPolitik [Ts1] $9088243834 
044K    $RKombattant $ROpposition $RWiderstandskämpfer $RProtest $#Government, Resistance to $#Underground movements, War $#Résistance politique $#Mouvements de résistance $#Politischer Widerstand $#Widerstand $#Widerstandsbewegung $#Politischer Widerstand $#Widerstandsbewegung $74079262-6 $8Widerstand [Ts1] $9085225177 
045F    $a900.94380904 $eDDC23BSB 
045F/01 $a900 
045F/03 $f0904 
045F/03 $g438 
045G    $a909 $eDDC23BSB 
045G/01 $a909 
045G/03 $f0904 
045G/03 $g438 
045H    $a355.009438 $eDDC23BSB 
045H/01 $a355.009 
045H/03 $g438 
045R    $aGeschichte 1944-1960 

lok: 33340477 24
101B    $006-03-14 $t08:03:14.000 
101C    $008-11-13 
101U    $0utf8 
145Z/01 $a32 7 Nk 
145Z/02 $a32 7 Od 
145Z/03 $a32 14 E 

exp: 33340477 24 1 #EPN
201B/01 $006-03-14 $t08:01:52.000 
201C/01 $008-11-13 
201U/01 $0utf8 
203@/01 $0722958668 
208@/01 $a06-03-14 $bz 
209A/01 $a14.02106 $du $f050 $h14 02106 $x00 
209C/01 $a14.02106 K $h14 02106 K 
209G/01 $a73376084 $x00 
220C/01 $awal 
247C/01 $8358050-7 Marburg, Bibliothek des Herder-Instituts Marburg $9102600961 

lok: 33340477 78

exp: 33340477 78 1 #EPN
201B/01 $016-01-23 $t10:51:32.000 
201C/01 $016-01-23 
201U/01 $0utf8 
203@/01 $01224558081 
208@/01 $a16-01-23 $be 
209A/01 $a/ $f000 $x00 
209A/01 $ab*p $x01 
220C/01 $apgar 
244Z/01 $#Generalgouvernement Polen $#Polska $#Rzeczpospolita Polska $#Polska Rzeczpospolita Ludowa $#Poland $#Pologne $#République Polonaise $#Generalne Gubernatorstwo w Polsce $#Polish People's Republic $#Polska Rzeczpospolita Polen $#PRL $#RP $#Polen Generalgouvernement $#Polska Generalgouvernement $#Besetzte Polnische Gebiete $#Besetztes Gebiet in Polen $#Okupowane Polskie Obszary $#Obszary Okupowane w Polsce $#Volksrepublik Polen $#Polska Rosyjska $#Republic Polen $#Respublika Pol'ša $#Pol'skaja Narodnaja Respublika $#République de Pologne $#Polen Links der Weichsel $#Polska po Lewej Stronie Wisły $#Lenkija $#Polija $#Gubernija Carstva Pol'skago $#Republik Polen $74046496-9 $8--Tg1--Polen $x01 $9085129801 
247C/01 $82080>Marburg/Lahn, Herder-Institut, Forschungsbibliothek, Bibliographieportal $9336309341
LEADER 00000cam a2200000 c 4500
001 333404777
003 DE-603
005 20230609210842.0
007 tu
008 131108s2013 xx |||| | u00||u|pol c
020 |a 9788372330772 
035 |a (DE-599)HEB333404777 
040 |a DE-603  |b ger  |c DE-603  |d DE-603 
041 |a pol 
082 0 4 |8 1\u  |a 900.94380904  |q DE-101  |2 23/BSB 
083 0 |8 2\u  |a 909  |q DE-101  |2 23/BSB 
083 0 |8 3\u  |a 355.009438  |q DE-101  |2 23/BSB 
085 |8 1\u  |b 900 
085 |8 1\u  |z 1  |s 0904 
085 |8 1\u  |z 2  |s 438 
085 |8 2\u  |b 909 
085 |8 2\u  |z 1  |s 0904 
085 |8 2\u  |z 2  |s 438 
085 |8 3\u  |b 355.009 
085 |8 3\u  |z 2  |s 438 
100 1 |a Golik, Dawid  |d 1984-  |0 (DE-603)45230489X  |0 (DE-588)119320061X  |2 gnd 
245 0 0 |a Żołnierze wyklęci  |b antykomunistyczne podziemie zbrojne po 1944 roku  |c Dawid Golik ... 
264 1 |a Warszawa  |b Wydawn. Volumen  |c 2013 
300 |a 744 S.  |b zahlr. Ill., Kt. 
648 7 |a Geschichte 1944-1960  |2 gnd 
650 7 |a Untergrund  |g Politik  |0 (DE-588)4354742-4  |0 (DE-603)088243834  |2 gnd 
650 7 |a Widerstand  |0 (DE-588)4079262-6  |0 (DE-603)085225177  |2 gnd 
856 4 2 |m V:DE-603;B:DE-Mb50  |q application/pdf  |u http://scans.hebis.de/HEBCGI/show.pl?33340477_toc.pdf  |3 Inhaltsverzeichnis 
924 0 |9 Mb 50  |a (DE-603)722958668  |b DE-Mb50  |c HES  |d c  |g 14.02106 
924 0 |9 2080  |a (DE-603)1224558081  |b DE-2080  |c HES  |d d  |g /